Aspectos generales de la reforma educativa
Objetivos de la reforma educacional y estructura de los diferentes niveles educativos en Panamá. Presenta la nueva estructura del sistema educativo panameño en los niveles regulares (educación básica general, educación media, técnico profesional y educación superior). Introduce como concepción funda...
Salvato in:
| Ente Autore: | |
|---|---|
| Natura: | testo |
| Pubblicazione: |
Panamá:
Ministerio de Educación
|
| Soggetti: | |
| Tags: |
Aggiungi Tag
Nessun Tag, puoi essere il primo ad aggiungerne!!
|
MARC
| LEADER | 00000 a a2200000 04500 | ||
|---|---|---|---|
| 001 | 19523 | ||
| 003 | |||
| 040 | |||
| 090 | |a 077300 | ||
| 110 | |a Panamá. Ministerio de Educación. Dirección Nacional de Planeamiento y Reforma Educativa | ||
| 245 | |a Aspectos generales de la reforma educativa | ||
| 260 | |a Panamá: |b Ministerio de Educación | ||
| 300 | |a 50 p. | ||
| 520 | |a Objetivos de la reforma educacional y estructura de los diferentes niveles educativos en Panamá. Presenta la nueva estructura del sistema educativo panameño en los niveles regulares (educación básica general, educación media, técnico profesional y educación superior). Introduce como concepción fundamental la necesidad de crear un servicio nacional de orientación que sirva de guía a estudiantes, docentes, personal administrativo y comunidad en general. Contiene gráficos, organigramas y los requisitos curriculares de cada nivel. ALLV | ||
| 650 | |a POLITICA EDUCACIONAL | ||
| 650 | |a CAPACITACION | ||
| 650 | |a REFORMAS DE LA ENSEÑANZA | ||
| 999 | |c 13684 |d 13684 | ||
